Κατάλογος Βιβλιοθηκών Mediterranean College

Θέσεις των Επιμελητηρίων σχετικά με το Σχέδιο Νόμου για τον Εξωδικαστικό Μηχανισμό Ρύθμισης Οφειλών Επιχειρήσεων / Οι Προτάσεις των Επιμελητηρίων Ενόψει της Συνταγματικής Αναθεώρησης (Record no. 9218)

MARC details
000 -LEADER
fixed length control field 01937cam a22001814a 4500
005 - ΗΜΕΡΟΜΗΝΙΑ ΚΑΙ ΩΡΑ ΤΕΛΕΥΤΑΙΑΣ ΕΝΗΜΕΡΩΣΗΣ
Πεδίο ελέγχου 20250605164356.0
008 - FIXED-LENGTH DATA ELEMENTS--GENERAL INFORMATION
Πεδίο ελέγχου σταθερού μήκους 250528s ||||||||||||||||||||||||d
035 ## - SYSTEM CONTROL NUMBER
System control number 24329
040 ## - ΠΗΓΗ ΚΑΤΑΛΟΓΟΓΡΑΦΗΣΗΣ
Φορέας πρωτότυπης καταλογογράφησης MC Athens Campus Library
Γλώσσα καταλογογράφησης Ελληνικά, Μοντέρνα (1453-)
Modifying agency MC Athens Campus Library
Κανόνες περιγραφικής καταλογογράφησης AACR2
245 1# - ΤΙΤΛΟΣ ΚΑΙ ΔΗΛΩΣΗ ΥΠΕΥΘΥΝΟΤΗΤΑΣ
Τίτλος Θέσεις των Επιμελητηρίων σχετικά με το Σχέδιο Νόμου για τον Εξωδικαστικό Μηχανισμό Ρύθμισης Οφειλών Επιχειρήσεων / Οι Προτάσεις των Επιμελητηρίων Ενόψει της Συνταγματικής Αναθεώρησης
260 ## - PUBLICATION, DISTRIBUTION, ETC.
Name of publisher, distributor, etc. Εμπορικό Και Βιομηχανικό Επιμελητήριο Αθηνών,
Date of publication, distribution, etc. 2017
300 ## - PHYSICAL DESCRIPTION
Extent 64
520 ## - SUMMARY, ETC.
Summary, etc. Ανείσπρακτες Οφειλές και Τραπεζικές Πρακτικές και Φόροι 'Σβήνουν' τις Επιχειρήσεις Φωτοβολταϊκών, Επιχειρηματικοί Άγγελοι: Παγκόσμιες Τάσεις, Η Ενίσχυση της Περιβαλλοντικής Νομουεσίας στην Ε.Ε. - Προκλήσεις και Ευκαιρίες για τα Κράτη Μέλη, Στη Βουλή το Νομοσχέδιο για τον Εξωδικαστικό Μηχανισμό Ρύθμισης Οφειλών Επιχειρήσεων, Νέο Πλήγμα Δέχθηκε η Ελληνική Αγορά το Πρώτο Τρίμηνο του Έτους, Ταμεία Επαγγελματικής Ασφάλισης: Η Πρόταση για ένα Βιώσιμο Ασφαλιστικό, Οι Προοπτικές της Κτηματαγοράς για το 2017, Παρουσίαση Δράσης 'Ερευνώ - Δημιουργώ - Καινοτομώ, Ο Νόμος για τη Βραχυχρόνια Μίσθωση Ακινήτων.
700 1# - ΠΡΟΣΘΕΤΗ ΑΝΑΓΡΑΦΗ--ΦΥΣΙΚΟ ΠΡΟΣΩΠΟ
Personal name Μίχαλος Κωνσταντίνος
9 (RLIN) 4319
942 ## - ADDED ENTRY ELEMENTS (KOHA)
Koha item type Περιοδικά Δημοσιεύματα
Holdings
Τύπος τεκμηρίου Βιβλιοθήκη Τρέχουσα τοποθεσία Barcode Ημερομηνία απόκτησης Ταξιθετικό σύμβολο Αριθμός αντιτύπου Αρίθμηση σειρών / χρονολογία Κατάσταση απόσυρσης Κατάσταση χαμένου Κατάσταση κατεστραμμένου Μη δανεισμός Σύνολο δανεισμών Ημερομηνία τελευταίας εμφάνισης Η τιμή ισχύει από
Περιοδικά Δημοσιεύματα MC Athens Campus Library MC Athens Campus Library 9780000092175 05/06/2025 ΑΝΑΠΤΥΞΗ 1 4           05/06/2025 05/06/2025

MC Athens Campus Library
Πατησίων 94 & Κοδριγκτώνος 13, 104 34
Πελλήνης 8 & Πατησίων 107, 112 51
Τ: +30 210 8899600

MC Thessaloniki Campus Library
Ίωνος Δραγούμη 21, 54625 | Ίωνος Δραγούμη 15, 54625
Τ: +30 2310 287779 – Τ: +30 2314 440300